Сповідь з того світу (Запис № 17692)
[ простий вигляд ]
| 000 -Маркер запису | |
|---|---|
| Контрольне поле сталої довжини | 02369nam a22002537a 4500 |
| 003 - Належність контрольного номера | |
| Контрольне поле | Uzh_bibl |
| 008 - Кодовані дані | |
| Контрольне поле сталої довжини | 260508b |||||||| |||| 00| 0 ukr d |
| 020 ## - Індекс ISBN | |
| ISBN | 978-617-7013-44-9 |
| Ціна | 69.00 |
| 040 ## - Джерело каталогіз. | |
| Код мови каталог. | укр. |
| 041 ## - Код мови видання | |
| Код мови оригіналу | українська |
| Код мови тексту | українська |
| 080 ## - Індекс УДК | |
| Індекс УДК | 821(477) |
| 090 ## - Шифри | |
| Поличний індекс | 821(477) |
| Авторський знак | Я 73 |
| 100 ## - Автор | |
| Автор | Яріш,Ярослав |
| 245 ## - Назва | |
| Назва | Сповідь з того світу |
| Відповідальність | худож. -оформлювач Л. П. Вировець |
| Фізичний носій | Текст |
| 260 ## - Вихідні дані | |
| Місце видання | Харків |
| Видавництво | Бібколектор |
| Дата видання | 2016 |
| 300 ## - Фізичний опис | |
| Обсяг | 283 с. |
| Тип одиниці | В опр. |
| 520 ## - Анотація | |
| Анотація | Хто насмілиться кинути виклик Долі? Хто заставить Коло Історії крутитися в інший бік? Хто здатен перескочити безмежну прірву відчаю, страху й зневіри, піднятися вище за саму Смерть і своєю любов’ю розігнати темряву?! Невже вона, тендітна молода жінка, в котрої щойно забрали найдорожче? Її Іван гине під час подій на Майдані — Марія ж не може змиритися зі смертю коханого чоловіка. І ось жереб кинуто: Доля заводить жінку в дохристиянські часи, вимірявши дистанцію у 13 століть. Галасливим вертепом пробігають покоління, змінюються епохи... Авари, хрестоносці, монголи, яничари, НКВС... А Марія все мандрує і мандрує: щойно перетнувши фінальну лінію, знову опиняється на старті. Це і є відповіддю всесильної Долі на її виклик, адже Кола Історії не розірвати: як гинули Іванові прадіди, так і він мусить віддати своє життя за рідну землю. |
| 521 ## - Примітка про цільове призначення | |
| Примітка про цільове призначення | Для широкого кола читачів |
| 546 ## - Примітка про мову | |
| Примітка про мову | укр. |
| 650 ## - Тематичні рубрики | |
| Основна рубрика | Літературно-художнє видання |
| 653 ## - Ключові слова | |
| Ключові слова | Доля |
| -- | Історія |
| 655 ## - Термін індексування — жанр/форма | |
| Жанр/форма | Сучасна проза |
| Типове ділення | Історичний трилер |
| 942 ## - ADDED ENTRY ELEMENTS (KOHA) | |
| Джерело класифікації чи схема поличного розташування | |
| Koha item type | Книги |
| Статус вилучення | Статус втрати/відсутності | Джерело класифікації чи схема поличного розташування | Статус пошкодження | Тип обігу (не для випозичання) | Постійне розташування | Поточне розташування | Розташування у відділі | Дата надходження | Інвентарний номер | Total Checkouts | Повний (примірниковий) шифр зберігання | Штрих-код | Date last seen | Дата, для якої чинна ціна заміни | Тип одиниці (рівень примірника) |
|---|---|---|---|---|---|---|---|---|---|---|---|---|---|---|---|
| Бібліотека-філія №3 | Бібліотека-філія №3 | Абонемент старший відділ | 08/05/2026 | 67826 | 821(477) | 4237 | 08/05/2026 | 08/05/2026 | Книги |